World Capitals Containing W - One Minute Sprint - Statistics

General Stats
  • This quiz has been taken 223 times
  • The average score is 8 of 18
Answer Stats
capital % Correct
Warsaw
91%
Washington
88%
Wellington
87%
Windhoek
82%
Moscow
58%
Ottawa
44%
Lilongwe
38%
Naypyidaw
36%
South Tarawa
35%
New Delhi
30%
Bridgetown
29%
Freetown
29%
Georgetown
29%
Kingstown
25%
Cape Town
24%
Kuwait City
24%
Bandar Seri Begawan
18%
Sri Jayewarde- nepura Kotte
11%
No matching quizzes found
Score Distribution
Percent of People with Each Score
Percentile by Number Answered
Your Score History
You have not taken this quiz